000 00915nam a2200265 4500
003 CO-CtgCURN
005 20250331185228.0
007 ta
008 160627s1994 000 0 eng d
020 _a9806189300
040 _aCO-CtgCURN
_bspa
_ccoctgcurn
082 0 _a617.643
_bQ85
100 1 _aQuirós Alvarez, Oscar José.
245 1 0 _aManual de ortopedia funcional de los maxilares y ortodoncia interceptiva /
_cOscar José Quirós Alvarez.
260 _aBogotá :
_bActualidades Médico Odontológicas Latinoamérica AMOLCA,
_c1994.
300 _a112 páginas :
_bilustradas a color.
336 _2rdacontent
337 _2rdamedia
_asin mediacion
_bn
338 _2rdacarrier
_avolumen
_bnc
500 _aIncluye indice analitico.
650 1 4 _aOrtodoncia
_vTratamiento.
908 _a160627
942 _cBK
_h617.643
_iQ85
_2ddc
999 _c23397
_d23397